Statistics for Randomized Pokémon Quiz by Type and Generation

Click here to take the quiz!

General Stats

  • This quiz has been taken 383 times
    (173 since last reset)
  • The average score is 16 of 25

Answer Stats

TypeGen. IntroducedPokemon% Correct
PsychicGeneration 1Abra/Kadabra/Alakazam/Drowzee/Hypno/Mewtwo/Mew
100%
Dragon/FlyingGeneration 3Altaria/Salamence/Rayquaza
100%
Bug/RockGeneration 3Anorith/Armaldo
100%
Rock/SteelGeneration 3Aron/Lairon/Aggron
100%
Dragon
Generation 5
Axew/Fraxure/Haxorus/Druddigon
100%
Normal/FairyGeneration 3*Azurill
100%
NormalGeneration 4Bidoof/Ambipom/Buneary/Lopunny/Glameow/Purugly/Happiny/Munchlax/
Lickilicky/Porygon-Z/Regigigas/Arceus
100%
ElectricGeneration 5Blitzle/Zebstrika/Tynamo/Eelektrik/Eelektross
100%
Ghost/GrassGeneration 9Bramblin|Brambleghast
100%
Grass/FightingGeneration 3Breloom
100%
Bug/FlyingGeneration 1Butterfree/Scyther
100%
Grass/PsychicGeneration 2Celebi
100%
Grass/FightingGeneration 6Chesnaught
100%
GrassGeneration 2Chikorita/Bayleef/Meganium/Bellossom/Sunkern/Sunflora
100%
FairyGeneration 1*Clefairy/Clefable
100%
FairyGeneration 2Cleffa/Togepi/Snubbull/Granbull
100%
Fire/FightingGeneration 3Combusken/Blaziken
100%
FightingGeneration 7Crabrawler/Passimian
100%
RockGeneration 4Cranidos/Rampardos/Bonsly
100%
Poison/FightingGeneration 4Croagunk/Toxicroak
100%
Bug/FairyGeneration 7Cutiefly/Ribombee
100%
Normal/DragonGeneration 9Cyclizar
100%
Fire/PsychicGeneration 5Darmanitan/Victini
100%
Electric/FairyGeneration 6Dedenne
100%
Normal/GrassGeneration 5Deerling/Sawsbuck
100%
Fire/PsychicGeneration 6Delphox
100%
Steel/DragonGeneration 4Dialga
100%
Dragon/FlyingGeneration 1Dragonite
100%
DragonGeneration 1Dratini/Dragonair
100%
Dragon/GhostGeneration 8Dreepy/Drakloak/Dragapult
100%
Ghost/FlyingGeneration 4Drifloon/Drifblim
100%
PoisonGeneration 1Ekans/Arbok/Nidoran/Nidorino/Nidorina/Grimer/Muk/Koffing/Weezing
100%
ElectricGeneration 3Electrike/Manectric/Plusle/Minun
100%
Poison/DragonGeneration 8Eternatus
100%
Ground/SteelGeneration 5Excadrill
100%
Grass/PsychicGeneration 1Exeggcute/Exeggutor
100%
Grass/SteelGeneration 5Ferroseed/Ferrothorn
100%
FairyGeneration 6Flabebe/Floette/Florges/Spritzee/Aromatisse/Swirlix/Slurpuff/Sylveon/Xerneas
100%
Dragon/IceGeneration 9Frigibax|Arctibax|Baxcalibur
100%
FireGeneration 9Fuecoco|Crocalor|Charcadet
100%
Fighting/PsychicGeneration 4Gallade
100%
Ghost/PoisonGeneration 1Gastly/Haunter/Gengar
100%
Water/GroundGeneration 4Gastrodon
100%
IceGeneration 4Glaceon
100%
Rock/PoisonGeneration 9Glimmet|Glimmora
100%
Dark/PoisonGeneration 7Grimer/Muk
100%
PoisonGeneration 3Gulpin/Swalot/Seviper
100%
Dark/DragonGeneration 7Guzzlord
100%
Electric/NormalGeneration 6Helioptile/Heliolisk
100%
GroundGeneration 4Hippopotas/Hippowdon
100%
Dark/FlyingGeneration 4Honchkrow
100%
Fire/FlyingGeneration 2Ho-oh
100%
Dark/FireGeneration 2Houndour/Houndoom
100%
Dark/FireGeneration 7Incineroar
100%
Dark/PsychicGeneration 6Inkay/Malamar/Hoopa
100%
Grass/SteelGeneration 7Kartana
100%
Ice/WaterGeneration 1Lapras/Dewgong/Cloyster
100%
Bug/FireGeneration 5Larvesta/Volcarona
100%
Dragon/PsychicGeneration 3Latios/Latias
100%
FireGeneration 7Litten/Torracat
100%
Rock/PsychicGeneration 3Lunatone/Solrock
100%
FightingGeneration 1Mankey/Primeape/Machop/Machoke/Machamp/Hitmonlee/Hitmonchan
100%
Water/FairyGeneration 2Marill/Azumarill
100%
Bug/FlyingGeneration 3Masquerain/Ninjask
100%
Steel/FairyGeneration 3*Mawile
100%
Fighting/PsychicGeneration 3Meditite/Medicham
100%
Dark/GrassGeneration 9Meowscarada|Brute Bonnet|Wo-Chien
100%
Ghost/FairyGeneration 7Mimikyu
100%
GhostGeneration 4Mismagius/Dusknoir
100%
Fire/FightingGeneration 4Monferno/Infernape
100%
GroundGeneration 7Mudbray/Mudsdale
100%
PsychicGeneration 5Munna/Musharna/Gothita/Gothorita/Gothitelle/Solosis/Duosion/Reuniclus/
Elgyem/Beheeyem
100%
Dark/FlyingGeneration 2Murkrow
100%
Poison/GroundGeneration 1Nidoqueen/Nidoking
100%
Rock/WaterGeneration 1Omanyte/Omastar/Kabuto/Kabutops
100%
SteelGeneration 9Orthworm
100%
WaterGeneration 5Oshawott/Dewott/Samurott/Panpour/Simipour/Tympole/Basculin/Alomomola
100%
ElectricGeneration 9Pawmi|Tadbolt|Bellibolt
100%
Ghost/GrassGeneration 6Phantump/Trevenant/Pumpkaboo/Gourgeist
100%
ElectricGeneration 2Pichu/Mareep/Flaaffy/Ampharos/Elekid/Raikou
100%
Normal/FlyingGeneration 1Pidgey/Pidgeotto/Pidgeot/Spearow/Fearow/Farfetch'd/Doduo/Dodrio
100%
Fire/FightingGeneration 5Pignite/Emboar
100%
Water/FightingGeneration 1Poliwrath
100%
DarkGeneration 3Poochyena/Mightyena/Absol
100%
Water/PoisonGeneration 2Qwilfish
100%
FlyingGeneration 8Rookidee/Corvisquire
100%
Poison/FireGeneration 7Salandit/Salazzle
100%
Ice/SteelGeneration 7Sandshrew/Sandslash
100%
Bug/GhostGeneration 3Shedinja
100%
Bug/RockGeneration 2Shuckle
100%
GhostGeneration 3Shuppet/Banette/Duskull/Dusclops
100%
Bug/FireGeneration 8Sizzlipede/Centiskorch
100%
Flying/SteelGeneration 2Skarmory
100%
Fire/GhostGeneration 9Skeledirge|Ceruledge
100%
Bug/FightingGeneration 9Slither Wing
100%
Normal/GrassGeneration 9Smoliv|Dolliv|Arboliva
100%
GrassGeneration 5Snivy/Servine/Serperior/Pansage/Simisage/Petilil/Lilligant/Maractus
100%
WaterGeneration 1Squirtle/Wartortle/Blastoise/Psyduck/Golduck/Poliwag/Poliwhirl/Seel/Shellder/
Krabby/Kingler/Horsea/Seadra/Goldeen/Seaking/Staryu/Magikarp/Vaporeon
100%
Ground/SteelGeneration 2Steelix
100%
Normal/FlyingGeneration 3Taillow/Swellow/Swablu
100%
GrassGeneration 1Tangela
100%
FireGeneration 5Tepig/Pansear/Simisear/Darumaka/Darmanitan/Heatmor
100%
Steel/FairyGeneration 9Tinkatink|Tinkatuff|Tinkaton
100%
FireGeneration 3Torchic/Torkoal
100%
Grass/GroundGeneration 4Torterra
100%
Electric/PoisonGeneration 8Toxel/Toxtricity
100%
GroundGeneration 3Trapinch/Groudon
100%
DarkGeneration 2Umbreon
100%
Ground/NormalGeneration 8Ursaluna
100%
Fire/WaterGeneration 6Volcanion
100%
Dark/FlyingGeneration 5Vullaby/Mandibuzz
100%
Flying/WaterGeneration 3Wingull/Pelipper
100%
BugGeneration 3Wurmple/Silcoon/Cascoon/Volbeat/Illumise
100%
NormalGeneration 7Yungoos/Gumshoos/Type:Null/Silvally/Komala
100%
Electric/FlyingGeneration 1Zapdos
100%
Dragon/ElectricGeneration 5Zekrom
100%
NormalGeneration 3Zigzagoon/Linoone/Slakoth/Vigoroth/Slaking/Whismur/Loudred/Exploud/
Skitty/Delcatty/Spinda/Zangoose/Castform/Kecleon
100%
Poison/FlyingGeneration 1Zubat/Golbat
100%
Fighting/FlyingGeneration 6Hawlucha
88%
Fire/SteelGeneration 4Heatran
86%
Water/PoisonGeneration 1Tentacool/Tentacruel
86%
Psychic/SteelGeneration 3Beldum/Metang/Metagross/Jirachi
83%
FireGeneration 1Charmander/Charmeleon/Vulpix/Ninetales/Growlithe/Arcanine/Ponyta/Rapidash/
Magmar/Flareon
83%
Dark/DragonGeneration 5Deino/Zweilous/Hydreigon
83%
Ground/RockGeneration 1Geodude/Graveler/Golem/Rhyhorn/Rhydon/Onix
83%
FireGeneration 8Scorbunny/Raboot/Cinderace
83%
FightingGeneration 5Timburr/Gurdurr/Conkeldurr/Throh/Sawk/Mienfoo/Mienshao
83%
IceGeneration 5Vanillite/Vanillish/Vanilluxe/Cubchoo/Beartic/Cryogonal
83%
Ice/WaterGeneration 8Arctovish
80%
IceGeneration 6Bergmite/Avalugg
80%
BugGeneration 1Caterpie/Metapod/Pinsir
80%
Poison/FlyingGeneration 2Crobat
80%
Water/DragonGeneration 2Kingdra
80%
Fighting/SteelGeneration 4Lucario
80%
Bug/GrassGeneration 1Paras/Parasect
80%
WaterGeneration 4Piplup/Prinplup/Buizel/Floatzel/Shellos/Finneon/Lumineon/Phione/Manaphy
80%
RockGeneration 5Roggenrola/Boldore/Gigalith
80%
Dark/GhostGeneration 3Sableye
80%
NormalGeneration 8Skwovet/Greedent/Wooloo/Dubwool
80%
GrassGeneration 3Treecko/Grovyle/Sceptile/Seedot/Shroomish/Cacnea
80%
Ice/FlyingGeneration 1Articuno
75%
Bug/FightingGeneration 7Buzzwole/Pheromosa
75%
Dark/IceGeneration 9Chien-Pao
75%
FireGeneration 4Chimchar/Magmortar
75%
FireGeneration 2Cyndaquil/Quilava/Typhlosion/Slugma/Magby/Entei
75%
Ice/FlyingGeneration 2Delibird
75%
Bug/PsychicGeneration 8Dottler/Orbeetle
75%
Poison/DragonGeneration 6Dragalge
75%
Bug/RockGeneration 5Dwebble/Crustle
75%
PsychicGeneration 2Espeon/Unown/Wobbuffet
75%
Psychic/FairyGeneration 8Hatterene
75%
Normal/FairyGeneration 2*Igglybuff
75%
Dark/FairyGeneration 8Impidimp/Morgrem/Grimmsnarl
75%
Normal/FairyGeneration 1*Jigglypuff/Wigglytuff
75%
Dark/GrassGeneration 3Nuzleaf/Shifty/Cacturne
75%
Normal/FlyingGeneration 7Pikipek/Trumbeak/Toucannon
75%
WaterGeneration 9Quaxly|Quaxwell|Wiglett|Wugtrio|Finizen|Palafin|Dondozo
75%
Bug/PsychicGeneration 9Rabsca
75%
NormalGeneration 1Rattata/Raticate/Meowth/Persian/Lickitung/Chansey/Kangaskhan/Tauros/
Ditto/Eevee/Porygon/Snorlax
75%
RockGeneration 7Rockruff/Lycanroc
75%
Grass/PoisonGeneration 3Roselia
75%
Grass/FlyingGeneration 7Rowlet/Dartrix
75%
Ground/DarkGeneration 5Sandile/Krokorok/Krookodile
75%
Poison/WaterGeneration 6Skrelp
75%
FlyingGeneration 5Tornadus
75%
WaterGeneration 2Totodile/Croconaw/Feraligatr/Politoed/Remoraid/Octillery/Suicune
75%
Bug/PoisonGeneration 5Venipede/Whirlipede/Scolipede
75%
Grass/FightingGeneration 5Virizion
75%
Dark/FlyingGeneration 6Yveltal
75%
Dark/NormalGeneration 8Zigzagoon/Linoone/Obstagoon
75%
Grass/FairyGeneration 7Morelull/Shiinotic/Tapu Bulu
71%
Rock/WaterGeneration 5Tirtouga/Carracosta
71%
Electric/IceGeneration 8Arctozolt
70%
Rock/IceGeneration 6Amaura/Aurorus
67%
Grass/DragonGeneration 8Applin/Flapple/Appletun
67%
Ground/PsychicGeneration 3Baltoy/Claydol
67%
Water/GhostGeneration 8Basculegion
67%
Normal/WaterGeneration 4Bibarel
67%
Dark/FlyingGeneration 9Bombirdier|Iron Jugulis
67%
Rock/FairyGeneration 6Carbink/Diancie
67%
Water/DarkGeneration 3Carvanha/Sharpedo/Crawdaunt
67%
Fire/FlyingGeneration 1Charizard/Moltres
67%
Bug/ElectricGeneration 7Charjabug/Vikavolt
67%
PsychicGeneration 4Chingling/Uxie/Mesprit/Azelf/Cresselia
67%
Rock/WaterGeneration 2Corsola
67%
Fighting/IceGeneration 7Crabominable
67%
DarkGeneration 4Darkrai
67%
Ghost/GrassGeneration 7Dhelmise/Decidueye
67%
Bug/PoisonGeneration 3Dustox
67%
PsychicGeneration 6Espurr/Meowstic
67%
Ground/FlyingGeneration 2Gligar
67%
GhostGeneration 9Greavard|Houndstone|Gimmighoul
67%
Bug/FightingGeneration 2Heracross
67%
Steel/GhostGeneration 6Honedge/Doublade/Aegislash
67%
Psychic/GhostGeneration 6Hoopa
67%
Normal/FlyingGeneration 2Hoothoot/Noctowl
67%
Grass/FlyingGeneration 2Hoppip/Skiploom/Jumpluff
67%
Water/FightingGeneration 5Keldeo
67%
Steel/FairyGeneration 6Klefki
67%
Ground/FlyingGeneration 5Landorus
67%
NormalGeneration 9Lechonk|Oinkologne|Tandemaus|Maushold|Dudunsparce
67%
Fire/NormalGeneration 6Litleo/Pyroar
67%
Fire/GhostGeneration 5Litwick/Lampent/Chandelure
67%
Bug/DarkGeneration 9Lokix
67%
FightingGeneration 3Makuhita/Hariyama
67%
Poison/WaterGeneration 7Mareanie/Toxapex
67%
SteelGeneration 7Meltan/Melmetal
67%
SteelGeneration 8Meowth/Perrserker/Cufant/Copperajah
67%
Rock/FlyingGeneration 7Minior
67%
Bug/FlyingGeneration 4Mothim/Combee/Vespiquen/Yanmega
67%
Psychic/FairyGeneration 1*Mr. Mime
67%
Dragon/FlyingGeneration 6Noibat/Noivern
67%
Dark/FightingGeneration 6Pangoro
67%
NormalGeneration 5Patrat/Watchog/Lillipup/Herdier/Stoutland/Audino/Minccino/Cinccino/Bouffalant
67%
ElectricGeneration 1Pikachu/Raichu/Voltorb/Electrode/Electabuzz/Jolteon
67%
Dark/DragonGeneration 9Roaring Moon
67%
Electric/GhostGeneration 4Rotom
67%
Ghost/GroundGeneration 7Sandygast/Palossand
67%
NormalGeneration 2Sentret/Furret/Aipom/Dunsparce/Teddiursa/Ursaring/Porygon2/Stantler/
Smeargle/Miltank/Blissey
67%
Rock/SteelGeneration 4Shieldon/Bastiodon/Probopass
67%
ElectricGeneration 4Shinx/Luxio/Luxray/Pachirisu/Electivire
67%
Bug/WaterGeneration 3Surskit
67%
Electric/FairyGeneration 7Tapu Koko
67%
Fairy/FlyingGeneration 4*Togekiss
67%
FightingGeneration 2Tyrogue/Hitmontop
67%
Dragon/GroundGeneration 6Zygarde
63%
Rock/FlyingGeneration 1Aerodactyl
60%
Grass/PoisonGeneration 4Budew/Roserade
60%
Ghost/GroundGeneration 5Golett/Golurk
60%
Fire/RockGeneration 2Magcargo
60%
Electric/SteelGeneration 1*Magnemite/Magneton
60%
Rock/PoisonGeneration 7Nihilego
60%
Water/PsychicGeneration 1Slowpoke/Slowbro/Starmie
60%
Bug/PoisonGeneration 2Spinarak/Ariados
60%
Ghost/GroundGeneration 8Runerigus/Yamask
57%
Ice/BugGeneration 8Snom/Frosmoth
57%
Rock/FlyingGeneration 5Archen/Archeops
50%
DragonGeneration 3Bagon/Shelgon
50%
Grass/PoisonGeneration 1Bulbasaur/Ivysaur/Venusaur/Bellsprout/Weepinbell/Victreebel/Oddish/Gloom/
Vileplume
50%
NormalGeneration 6Bunnelby/Furfrou
50%
Rock/FireGeneration 8Carkol/Coalossal
50%
Flying/SteelGeneration 7Celesteela
50%
Water/ElectricGeneration 2Chinchou/Lanturn
50%
Flying/SteelGeneration 8Corviknight
50%
Grass/FairyGeneration 6*Cottonee/Whimsicott
50%
Ground/NormalGeneration 6Diggersby
50%
Rock/WaterGeneration 8Drednaw
50%
GroundGeneration 5Drilbur
50%
Electric/FlyingGeneration 5Emolga/Thundurus
50%
FairyGeneration 9`Fidough|Dachsbun
50%
Fighting/FlyingGeneration 9Flamigo
50%
Fire/FlyingGeneration 6Fletchinder/Talonflame
50%
Grass/PoisonGeneration 5Foongus/Amoonguss
50%
Bug/SteelGeneration 2Forretress/Scizor
50%
Steel/GhostGeneration 9Gholdengo
50%
DragonGeneration 6Goomy/Sliggoo/Goodra
50%
GrassGeneration 8Grookey/Thwackey/Rillaboom/Gossifleur/Eldegoss/Sprigatito
50%
BugGeneration 7Grubbin
50%
Flying/WaterGeneration 1Gyarados
50%
PsychicGeneration 8Hatenna/Hattrem
50%
Grass/PsychicGeneration 9Iron Leaves
50%
Poison/FireGeneration 9Iron Moth
50%
Dark/SteelGeneration 9Kingambit
50%
SteelGeneration 5Klink/Klang/Klinklang
50%
BugGeneration 4Kricketot/Kricketune/Burmy
50%
Bug/FlyingGeneration 2Ledyba/Ledian/Yanma
50%
Rock/GrassGeneration 3Lileep/Cradily
50%
Steel/FairyGeneration 7Magearna
50%
Electric/SteelGeneration 4Magnezone
50%
Ice/GroundGeneration 4Mamoswine
50%
Fighting/GhostGeneration 7Marshadow
50%
Water/GroundGeneration 3Marshtomp/Swampert/Barboach/Whiscash
50%
Normal/PsychicGeneration 5Meloetta
50%
FairyGeneration 8Milcery/Alcremie/Zacian
50%
GhostGeneration 2Misdreavus
50%
WaterGeneration 3Mudkip/Wailmer/Wailord/Corphish/Feebas/Milotic/Clamperl/Huntail/Gorebyss/
Luvdisc/Kyogre
50%
Poison/DragonGeneration 7Naganadel
50%
Fire/GroundGeneration 3Numel/Camerupt
50%
Water/DragonGeneration 4Palkia
50%
Dark/SteelGeneration 5Pawniard/Bisharp
50%
WaterGeneration 7Popplio/Brionne/Wishiwashi/Pyukumuku
50%
SteelGeneration 3Registeel
50%
Rock/WaterGeneration 3Relicanth
50%
Ground/RockGeneration 4Rhyperior
50%
FightingGeneration 4Riolu
50%
RockGeneration 8Rolycoly/Stonjourner
50%
GroundGeneration 1Sandshrew/Sandslash/Diglett/Dugtrio/Cubone/Marowak
50%
GhostGeneration 8Sinistea/Polteageist/Corsola/Cursola/Spectrier
50%
Bug/PoisonGeneration 4Skorupi
50%
Water/PsychicGeneration 2Slowking
50%
IceGeneration 3Snorunt/Glalie/Regice
50%
Grass/IceGeneration 4Snover/Abomasnow
50%
Ice/WaterGeneration 3Spheal/Sealeo/Walrein
50%
Dark/GhostGeneration 4Spiritomb
50%
Normal/FlyingGeneration 4Starly/Staravia/Staraptor/Chatot
50%
Ground/ElectricGeneration 5Stunfisk
50%
BugGeneration 9Tarountula|Spidops|Nymble|Rellor
50%
Water/DragonGeneration 9Tatsugiri|Walking Wake
50%
Rock/FightingGeneration 5Terrakion
50%
Fairy/FlyingGeneration 2*Togetic
50%
PoisonGeneration 5Trubbish/Garbodor
50%
Dragon/FireGeneration 7Turtonator
50%
GrassGeneration 4Turtwig/Grotle/Cherubi/Cherrim/Carnivine/Tangrowth/Leafeon/Shaymin
50%
Dark/FightingGeneration 8Urshifu
50%
Steel/PoisonGeneration 9Varoom|Revavroom
50%
Water/PsychicGeneration 9Veluza
50%
Dragon/GroundGeneration 3Vibrava/Flygon
50%
Psychic/FlyingGeneration 5Woobat/Swoobat/Sigilyph
50%
Poison/GroundGeneration 9Wooper|Clodsire
50%
Water/GroundGeneration 2Wooper/Quagsire
50%
Fire/PsychicGeneration 9Armarouge
43%
Electric/FightingGeneration 9Pawmo|Pawmot|Iron Hands
43%
Water/FightingGeneration 9Quaquaval|Tauros
43%
Psychic/SteelGeneration 4Bronzor/Bronzong
40%
IceGeneration 9Cetoddle|Cetitan
40%
GrassGeneration 7Fomantis/Lurantis/Bounsweet/Steenee/Tsareena
40%
Flying/WaterGeneration 4Mantyke
40%
Normal/PsychicGeneration 7Oranguru
40%
Ice/GroundGeneration 2Swinub/Piloswine
40%
BugGeneration 8Blipbug
33%
Dark/FireGeneration 9Chi-Yu
33%
Fighting/SteelGeneration 5Cobalion
33%
FairyGeneration 7Comfey
33%
PsychicGeneration 7Cosmog/Cosmeom/Necrozma
33%
Flying/WaterGeneration 8Cramorant
33%
Normal/DragonGeneration 7Drampa
33%
Flying/WaterGeneration 5Ducklett/Swanna
33%
Normal/PsychicGeneration 9Farigiraf
33%
Psychic/GhostGeneration 7Lunala/Necrozma
33%
Psychic/FairyGeneration 4*Mime Jr.
33%
GroundGeneration 2Phanpy/Donphan
33%
BugGeneration 2Pineco
33%
PoisonGeneration 7Poipole
33%
Psychic/FairyGeneration 3*Ralts/Kirlia/Gardevoir
33%
Dragon/FireGeneration 5Reshiram
33%
Ground/ElectricGeneration 9Sandy Shocks
33%
Psychic/FairyGeneration 9Scream Tail
33%
Bug/GrassGeneration 5Seawaddle/Swadloon/Leavanny
33%
GrassGeneration 9Sprigatito|Floragato|Capsakid
33%
Normal/FightingGeneration 7Stufful/Bewear
33%
Grass/GroundGeneration 9Toedscool|Toedscruel
33%
Grass/FlyingGeneration 3Tropius
33%
Bug/PoisonGeneration 1Weedle/Kakuna/Beedrill/Venonat/Venomoth
33%
Bug/WaterGeneration 7Wimpod/Golisopod/Dewpider/Araquanid
33%
Normal/PsychicGeneration 8Wyrdeer/Indeedee
33%
ElectricGeneration 7Xurkitree/Zeraora
33%
FightingGeneration 8Clobbopus/Grapploct/Sirfetch'd/Falinks/Zamazenta/Kubfu
29%
Fighting/GhostGeneration 9Annihilape
25%
Grass/PsychicGeneration 8Calyrex
25%
Normal/FlyingGeneration 6Fletchling
25%
Ground/FightingGeneration 9Great Tusk
25%
Ice/WaterGeneration 9Iron Bundle
25%
Rock/ElectricGeneration 9Iron Thorns
25%
DragonGeneration 7Jangmo-o
25%
Bug/RockGeneration 8Kleavor
25%
DarkGeneration 9Maschiff|Mabosstiff
25%
Water/GroundGeneration 5Palpitoad/Seismitoad
25%
FightingGeneration 6Pancham
25%
DarkGeneration 5Purrloin/Liepard/Zorua/Zoroark
25%
Poison/NormalGeneration 9Shroodle|Grafaiai
25%
GroundGeneration 8Silicobra/Sandaconda
25%
WaterGeneration 8Sobble/Drizzile/Intelion/Chewtle/Arrokuda/Barraskewda
25%
PsychicGeneration 3Spoink/Grumpig/Chimecho/Wynaut/Deoxys
25%
IceGeneration 8Eiscue/Glastrier
20%
Fire/PsychicGeneration 6Fennekin/Braixen
20%
WaterGeneration 6Froakie/Frogadier/Clauncher/Clawitzer
20%
Bug/GroundGeneration 3Nincada
20%
Psychic/FairyGeneration 7Tapu Lele
20%
Ground/SteelGeneration 9Iron Treads
17%
Rock/SteelGeneration 7Stakataka
14%
Rock/WaterGeneration 6Binacle/Barbaracle
0%
Water/Psychic
Generation 7Bruxish
0%
GrassGeneration 6Chespin/Quilladin/Skiddo/Gogoat
0%
Dragon/ElectricGeneration 8Dracozolt
0%
Steel/DragonGeneration 8Duraludon
0%
Water/SteelGeneration 4Empoleon
0%
Bug/SteelGeneration 5Escavalier/Durant/Genesect
0%
PsychicGeneration 9Flittle|Espathra
0%
Ghost/FairyGeneration 9Flutter Mane
0%
Water/GhostGeneration 5Frillish/Jellicent
0%
Dragon/GroundGeneration 4Gible/Gabite/Garchomp
0%
Normal/PsychicGeneration 2Girafarig
0%
Dragon/GhostGeneration 4Giratina
0%
Ground/FlyingGeneration 4Gliscor
0%
Water/DarkGeneration 6Greninja
0%
Dragon/FightingGeneration 7Hakamo-o/Kommo-o
0%
Fairy/FightingGeneration 9Iron Valiant
0%
Bug/ElectricGeneration 5Joltik/Galvantula
0%
Ice/PsychicGeneration 1Jynx
0%
BugGeneration 5Karrablast/Shelmet/Accelgor
0%
Dragon/FightingGeneration 9Koraidon
0%
Dragon/IceGeneration 5Kyurem
0%
Ground/RockGeneration 2Larvitar/Pupitar
0%
Water/GrassGeneration 3Lotad/Lombre/Ludicolo
0%
Flying/WaterGeneration 2Mantine
0%
Dragon/ElectricGeneration 9Miraidon
0%
Ice/PsychicGeneration 8Mr. Mime/Mr. Rime
0%
RockGeneration 9Nacli|Naclstack|Garganacl|Klawf
0%
Psychic/FlyingGeneration 2Natu/Xatu/Lugia
0%
DarkGeneration 8Nickit/Thievul
0%
RockGeneration 3Nosepass/Regirock
0%
Normal/FlyingGeneration 5Pidove/Tranquil/Unfezant/Rufflet/Braviary
0%
Water/FairyGeneration 7Primarina/Tapu Fini
0%
Dark/NormalGeneration 7Ratatta/Raticate
0%
DragonGeneration 8Regidrago
0%
BugGeneration 6Scatterbug/Spewpa
0%
Grass/FireGeneration 9Scovillain
0%
Dark/FightingGeneration 5Scraggy/Scrafty
0%
Ice/PsychicGeneration 2Smoochum
0%
Dark/IceGeneration 2Sneasel
0%
Psychic/SteelGeneration 7Solgaleo/Necrozma
0%
Normal/FlyingGeneration 9Squawkabilly
0%
Dark/PoisonGeneration 4Stunky/Skuntank/Drapion
0%
RockGeneration 2Sudowoodo
0%
Ground/DarkGeneration 9Ting-Lu
0%
Electric/SteelGeneration 7Togedemaru
0%
Rock/DarkGeneration 2Tyranitar
0%
Rock/DragonGeneration 6Tyrunt/Tyrantrum
0%
Bug/FlyingGeneration 6Vivillon
0%
Electric/FlyingGeneration 9Wattrel|Kilowattrel
0%
Dark/IceGeneration 4Weavile
0%
GhostGeneration 5Yamask/Cofagrigus
0%
ElectricGeneration 8Yamper/Boltund/Pincurchin/Regieleki
0%
Dark/GrassGeneration 8Zarude
0%

Score Distribution

Percentile by Number Answered

Percent of People with Each Score

Your Score History

You have not taken this quiz since the last reset